Question bank in biology : (Record no. 4230)

MARC details
000 -LEADER
fixed length control field 00645 a2200217 4500
010 ## - LCCN (DPL NO)
LC control number ENG-86204
020 ## - INTERNATIONAL STANDARD BOOK NUMBER
International Standard Book Number 0070635668
Terms of availability 275.00
020 ## - INTERNATIONAL STANDARD BOOK NUMBER
International Standard Book Number 9780070635661
035 ## - SYSTEM CONTROL NUMBER
System control number EN-69737
037 ## - SOURCE OF ACQUISITION
Source of stock number/acquisition DBAD / PUB
082 14 - DEWEY DECIMAL CLASSIFICATION NUMBER
Classification number 574
100 1# - MAIN ENTRY--PERSONAL NAME
Personal name Vinay Kumar
245 1# - TITLE STATEMENT
Title Question bank in biology :
Statement of responsibility, etc by Vinay Kumar
Remainder of title for class XI /
250 ## - EDITION STATEMENT
Edition statement 3rd ed.
260 ## - PUBLICATION, DISTRIBUTION, ETC. (IMPRINT)
Place of publication, distribution, etc New Delhi
Name of publisher, distributor, etc Tata McGraw-Hill Publishing
Date of publication, distribution, etc 2007
270 ## - ADDRESS
Address 7, West Patel Nagar
City New Delhi
Postal code 110008
300 ## - PHYSICAL DESCRIPTION
Extent x, 567 p.
Dimensions 24 cm. (Pbk)
Other physical details ill.
490 ## - SERIES STATEMENT
Series statement Tata McGraw-Hill's question bank series
650 #0 - SUBJECT ADDED ENTRY--TOPICAL TERM
Topical term or geographic name as entry element Biology
942 ## - ADDED ENTRY ELEMENTS (KOHA)
Institution code [OBSOLETE] dpl
Item type English Books
Source of classification or shelving scheme Dewey Decimal Classification
Classification part 574
Call number suffix VIN
Holdings
Withdrawn status Lost status Not for loan Collection code Home library Current library Source of acquisition Cost, normal purchase price Full call number Barcode Copy number Cost, replacement price Koha item type
    Not For Loan Non-fiction D.B.Act.Division D.B.Act.Division DBAD/PUB 275.00 574 VIN EN-69737 1 275.00 English Books

© Delhi Public Library
Hit Counter
free hit counter